000 00444cam a22001934a 4500
005 20250605164316.0
008 250528s ||||||||||||||||||||||||d
035 _a22709
020 _a9780415085335
040 _aGR-AtMCL
_bgre
_dGR-AtMCL
_eAACR2
245 1 _aEUROPEAN AGRICULTURE
250 _a1
260 _bRouledge,
_c1996
300 _a233
700 1 _aGardner Brian
_98430
942 _cBK
999 _c7755
_d7755